000
00280nam a22001217a 4500
008
170407b xxu||||| |||| 00| 0 eng d
041
_a
eng
080
_2
4 ED
_a
616
100
_a
9
101
_a
shm
245
_a
ROBINS PATHOLOGY BASIS OF DISEASE
_c
COTRAN.K.R
942
_2
udc
_c
BK
999
_c
10188
_d
10188